Fragen aus der Wissenschaft - Buchstabe R - Statistiken

Allgemein
  • Dieses Quiz wurde 141 mal gespielt
  • Das Durchschnittsergebnis liegt bei 10 aus 20
Antwortstatistiken

Hinweis

Antwort % Korrekt
Abstand zwischen Mittelpunkt eines Kreises und Kreislinie Radius
100%
Deutscher Physiker und Nobelpreisträger - X-Strahlen Wilhelm Conrad Röntgen
93%
Drehung eines Himmelskörpers um seine eigene Achse Rotation
92%
Chemischer Prozess der Umwandlung von Stoffen Reaktion
76%
Radioaktives Edelgas mit Ordnungzahl 86 Radon
75%
Namensgeber einer Skala zur Angabe der Stärke von Erdbeben Charles Francis Richter
73%
Unwillkürliche Reaktion auf einen Reiz Reflex
62%
Teilgebiet der Medizin, Anwendung bildgebender Verfahren Radiologie
58%
Deutscher Rechenmeister im 16. Jhd., Redewendung "nach..." Adam Riese
56%
Technik zur Detektion von Objekten durch Funkwellen Radar
52%
Zentrale Nervenbahn im Wirbelkanal von Wirbeltieren Rückenmark
52%
Psychische Widerstandsfähigkeit gegenüber Krisen Resilienz
40%
Beschreibt Wechselwirkung zwischen Materie, Raum und Zeit Relativitätstheorie
31%
Psychologe und Namensgeber eines Test mit Tintenklecksen Hermann Rorschach
27%
Zellbestandteil, in dem Proteine synthetisiert werden Ribosom
21%
Neuseeländischer Exerimpentalphysiker - Atommodell Ernest Rutherford
18%
Genfer Philosoph und Schriftsteller, Vordenker der Aufklärung Jean-Jacques Rousseau
18%
Deutscher Sozialreformer, genossenschaftliche Bewegung Friedrich Wilhelm Raiffeisen
12%
Bedeutender deutscher Mathematiker im 19. Jhd. Bernhard Riemann
8%
Lehre vom Fließverhalten von Stoffen Rheologie
5%
Keine übereinstimmenden Quizze gefunden
Verteilung der Resultate
Anzahl Personen mit jedem Resultat
Perzentil nach korrekt beantworteten Fragen
Ihre Resultats-Entwicklung
Sie haben dieses Quiz noch nicht gespielt